000 00450pab a2200169 454500
008 180718b2002 xxu||||| |||| 00| 0 eng d
100 _aCetina, Karin Knorr
245 _aInhabiting technology: the global lifeform of financial markets
260 _c2002
300 _ap.389-405.
362 _aMay
650 _aScience and technology
650 _aFinancial markets
700 _aBruegger, Urs
773 _aCurrent Sociology
909 _a52567
999 _c52567
_d52567